[Event "GER-chT U20"]
[Site "Braunschweig"]
[Date "2019.12.27"]
[Round "1.3"]
[White "Schneider, Jana"]
[Black "Waffenschmidt, Lars"]
[Result "1-0"]
[WhiteElo "2210"]
[BlackElo "1885"]
[PlyCount "53"]
[EventDate "2019.12.27"]
[EventType "team-swiss"]
[EventRounds "7"]
[EventCountry "GER"]
[SourceTitle "CBM 194 Extra"]
[Source "ChessBase"]
[SourceDate "2020.03.31"]
[SourceVersion "1"]
[SourceVersionDate "2020.03.31"]
[SourceQuality "1"]
[WhiteTeam "Regensburg Bavaria"]
[BlackTeam "Bebenhausen"]
[WhiteTeamCountry "GER"]
[BlackTeamCountry "GER"]

1. e4 e5 2. Nf3 Nc6 3. Bc4 Bc5 4. c3 Nf6 5. d3 0-0 6. Bg5 h6 7. Bh4 Re8 8. Bb3 a6 9. Nbd2 d6 10. Nf1 g5 11. Bg3 Bg4 12. h4 Nh5 13. N1h2 Nxg3 14. Nxg4 Nxh1 15. Nxh6+ Kf8 16. Nxg5 Bxf2+ 17. Kd2 Bxh4 18. Nh7+ Kg7 19. Nf5+ Kg6 20. Bxf7+ Kxf7 21. Qh5+ Ke6 22. Ng7+ Ke7 23. Qxh4+ Kf7 24. Rf1+ Kxg7 25. Qg4+ Kh8 26. Rxh1 Rg8 27. Nf6# 1-0

[Event "GER-chT U14"]
[Site "Verden an der Aller"]
[Date "2017.12.27"]
[Round "1.1"]
[White "Krastev, Alexander"]
[Black "Waffenschmidt, Lars"]
[Result "1-0"]
[WhiteElo "1988"]
[BlackElo "1846"]
[PlyCount "113"]
[EventDate "2017.12.26"]
[EventType "team-swiss"]
[EventRounds "7"]
[EventCountry "GER"]
[SourceTitle "CBM 182 Extra"]
[Source "ChessBase"]
[SourceDate "2018.02.23"]
[SourceVersion "1"]
[SourceVersionDate "2018.02.23"]
[SourceQuality "1"]
[WhiteTeam "Biebertal"]
[BlackTeam "Bebenhausen"]
[WhiteTeamCountry "GER"]
[BlackTeamCountry "GER"]

1. e4 e5 2. Nf3 Nc6 3. Bc4 Bc5 4. c3 Nf6 5. d3 a6 6. Bb3 d6 7. 0-0 0-0 8. Nbd2 Ne7 9. d4 exd4 10. cxd4 Ba7 11. h3 Re8 12. Re1 Nc6 13. e5 dxe5 14. dxe5 Nd5 15. Ne4 Ndb4 16. Neg5 Be6 17. Nxe6 fxe6 18. Bg5 Qd3 19. a3 Qxd1 20. Raxd1 Nd5 21. Bxd5 exd5 22. Rxd5 h6 23. Bh4 g5 24. Bg3 Rad8 25. Rxd8 Rxd8 26. e6 Bb6 27. Re4 Ne7 28. h4 Nf5 29. Kh2 Nxg3 30. Kxg3 gxh4+ 31. Nxh4 Kg7 32. e7 Re8 33. f4 Bc5 34. Nf5+ Kg6 35. Re5 b6 36. b4 Bd6 37. Nxd6 cxd6 38. Re6+ Kf5 39. Rxh6 Rxe7 40. Kf3 Rg7 41. g4+ Rxg4 42. Rh5+ Ke6 43. Kxg4 d5 44. Rh6+ Ke7 45. Rxb6 d4 46. Rxa6 d3 47. Kf3 Kd7 48. Ke3 Kc7 49. Kxd3 Kb7 50. b5 Kc7 51. f5 Kb7 52. f6 Kc7 53. f7 Kb7 54. f8Q Kc7 55. Qd6+ Kc8 56. Ra8+ Kb7 57. Qb8# 1-0

[Event "GER-chT U12"]
[Site "Magdeburg"]
[Date "2016.12.28"]
[Round "3.1"]
[White "Lutz, Ruben"]
[Black "Waffenschmidt, Lars"]
[Result "1-0"]
[WhiteElo "1823"]
[BlackElo "1526"]
[PlyCount "137"]
[EventDate "2016.12.27"]
[EventType "team-swiss"]
[EventRounds "7"]
[EventCountry "GER"]
[SourceTitle "EXT 2018"]
[Source "ChessBase"]
[SourceDate "2017.10.13"]
[SourceVersion "1"]
[SourceVersionDate "2017.10.13"]
[SourceQuality "1"]
[WhiteTeam "Dresden TU"]
[BlackTeam "Bebenhausen"]
[WhiteTeamCountry "GER"]
[BlackTeamCountry "GER"]

1. d4 Nf6 2. Nf3 e6 3. Bg5 c5 4. c3 h6 5. Bh4 d5 6. e3 Be7 7. Nbd2 Nc6 8. Bd3 0-0 9. 0-0 b6 10. Ne5 Nxe5 11. dxe5 Nd7 12. Bxe7 Qxe7 13. f4 Bb7 14. Qe2 f6 15. exf6 Qxf6 16. e4 Qf7 17. e5 Rae8 18. Rae1 Nb8 19. Qg4 Rd8 20. f5 exf5 21. Rxf5 Qe7 22. Rxf8+ Rxf8 23. Qg6 Qg5 24. Qh7+ Kf7 25. Rf1+ Ke7 26. Rxf8 Kxf8 27. Qh8+ Kf7 28. Qxb8 Qxd2 29. Qxb7+ Ke6 30. Qc8+ Kxe5 31. Qf5+ Kd6 32. Qg6+ Kc7 33. Qxg7+ Kb8 34. Qe5+ Kc8 35. Ba6+ Kd7 36. Bb5+ Kc8 37. Qe6+ Kc7 38. Qc6+ Kb8 39. Qd6+ Kb7 40. Qe7+ Kb8 41. Qf8+ Kc7 42. Qg7+ Kb8 43. Qg3+ Kb7 44. Qf2 Qc1+ 45. Bf1 Kb8 46. g3 Kb7 47. a3 a5 48. h4 Kc6 49. Kh2 Qb1 50. Bg2 Qg6 51. c4 Kd6 52. Bxd5 a4 53. Qf4+ Ke7 54. Qe4+ Qxe4 55. Bxe4 Ke6 56. Bc6 Ke5 57. Bxa4 Kd4 58. Bb5 Kd3 59. b4 Kc3 60. bxc5 bxc5 61. a4 Kb4 62. g4 Ka5 63. g5 h5 64. g6 Kb4 65. g7 Ka5 66. g8Q Kb6 67. Qd8+ Ka7 68. Qc7+ Ka8 69. Bc6# 1-0